Thuỷ khí động lực ứng dụng

Wedi'i Gadw mewn:
Manylion Llyfryddiaeth
Prif Awdur: Vũ, Duy Quang
Fformat: Llyfr
Iaith:Undetermined
Cyhoeddwyd: Hà Nội Xây dựng 2006
Pynciau:
Tagiau: Ychwanegu Tag
Dim Tagiau, Byddwch y cyntaf i dagio'r cofnod hwn!
Thư viện lưu trữ: Trung tâm Học liệu Trường Đại học Cần Thơ
LEADER 00516nam a2200193Ia 4500
001 CTU_100460
008 210402s9999 xx 000 0 und d
020 |c 34000 
082 |a 620.106 
082 |b Qu106 
100 |a Vũ, Duy Quang 
245 0 |a Thuỷ khí động lực ứng dụng 
245 0 |c Vũ Duy Quang 
260 |a Hà Nội 
260 |b Xây dựng 
260 |c 2006 
650 |a Fluid mechanics 
904 |i Hiếu 
980 |a Trung tâm Học liệu Trường Đại học Cần Thơ